000 01600nam0a2200361 4500
001 RU\NLR\BIBL_A\022528166
005 20260420043533.0
010 _a978-5-17-171926-5
_92000
021 _aRU
_bКН-П-25-011048
_9КН-П-25-1120
035 _a(NLR Aleph) 022528166
090 _a13671874
_c13671874
100 _a20250422d2025 m y0rusy50 ca
101 0 _arus
102 _aRU
105 _aac z 000zb
181 0 _ai
_bxxxe
182 0 _an
200 1 _aРаневская
_e[на основе записей бесед с артисткой]
_fГлеб Скороходов
_gпредисловие и примечания Татьяны Альбрехт
203 _aТекст
_bвизуальный
_cнепосредственный
210 _aМосква
_cАCТ
_d2025
215 _a382, [1] c., [8] л. ил., портр.
_d22
225 1 _aТерритория судьбы
333 _a18+
600 1 _aРаневская
_bФ. Г.
_f1896 - 1984
_gФаина Григорьевна
_91535871
_3RU\NLR\AUTH\66970509
686 1 _aЩ334.3(2Р=Рус)7-86Раневская
686 1 _aЩ374.3(2Р)7-86Раневская
700 1 _aСкороходов
_bГ. А.
_f1930-2012
_gГлеб Анатольевич
702 1 _aАльбрехт
_bТ. Б.
_gТатьяна Борисовна
_4080
702 1 _4280
_7ca
_8rus
_aРаневская
_bФ. Г.
_f1896-1984
_gФаина Григорьевна
_9117040
_3RU\NLR\AUTH\777101
942 _cBOOK
980 _aNB